000 00328nam a2200133Ia 4500
008 240624s9999 xx 000 0 und d
041 _aeng
082 _a320.1 FUK
100 _aFUKUYAMA FRANCIS
245 _aORIGINS OF POLITICAL ORDER FROM PREHUMAN
260 _c2012
_bProfile Books
300 _a208 : p.
365 _cRS
_b30
999 _c27805
_d27805